Hardest Dog Breed Quiz - Statistics

General Stats
  • This quiz has been taken 104 times
  • The average score is 5 of 12
Answer Stats
Picture Answer % Correct
Rhodesian Ridgeback
78%
Afghan Hound
72%
Puli
60%
Borzoi
57%
Brussels Griffon
49%
Thai ridgeback
46%
Malamute
41%
Xoloitzcuintli
35%
Mudi
21%
Azawakh
16%
Karelian bear dog
16%
Phu Quoc Ridgeback
13%
No matching quizzes found
Score Distribution
Percent of People with Each Score
Percentile by Number Answered
Your Score History
You have not taken this quiz